Immagini della società -Saggi sulle teorie sociologiche di Tocqueville, Marx e Durkheim (Record n. 66841)

Dettagli MARC
000 -LEADER
fixed length control field 01727nam a2200325Ia 4500
001 - CONTROL NUMBER
control field 7556
003 - CONTROL NUMBER IDENTIFIER
control field IT-RoPAU
008 - FIXED-LENGTH DATA ELEMENTS--GENERAL INFORMATION
fixed length control field 130308s9999 xx 000 0 und d
040 ## - CATALOGING SOURCE
Original cataloging agency IT-RoPAU
040 ## - CATALOGING SOURCE
Transcribing agency IT-RoPAU
041 ## - LANGUAGE CODE
Language code of text/sound track or separate title ITALIANO
999 ## - SYSTEM CONTROL NUMBERS (KOHA)
Koha Dewey Subclass [OBSOLETE] SI
100 ## - MAIN ENTRY--PERSONAL NAME
Personal name Poggi Gianfranco
100 ## - MAIN ENTRY--PERSONAL NAME
Miscellaneous information Codice Aut. SPICS: 2469
240 ## - UNIFORM TITLE
Uniform title IMAGES OF SOCIETY: ESSAYS ON THE SOCIOLOGICAL THEORIES OF toCQUEVILLE, MARX AND DURKHEIM
240 ## - UNIFORM TITLE
Miscellaneous information Codice Tit. Orig. Spics: T1077
245 ## - TITLE STATEMENT
Title Immagini della società -Saggi sulle teorie sociologiche di Tocqueville, Marx e Durkheim
245 ## - TITLE STATEMENT
Remainder of title Immagini della Societa'-Saggi Sulle teorie sociologiche di tocqueville, Marx e Durkheim
250 ## - EDITION STATEMENT
Edition statement 1a ed.
260 ## - PUBLICATION, DISTRIBUTION, ETC. (IMPRINT)
Place of publication, distribution, etc. BOLOGNA
260 ## - PUBLICATION, DISTRIBUTION, ETC. (IMPRINT)
Name of publisher, distributor, etc. Il Mulino
260 ## - PUBLICATION, DISTRIBUTION, ETC. (IMPRINT)
Date of publication, distribution, etc. 1973 [1° Ed.:1973 - Ed.Ling.Originale:1972]
300 ## - PHYSICAL DESCRIPTION
Extent "366 p. (prefazione: no ; testo: 366)"
500 ## - GENERAL NOTE
General note Alexis De tocqueville Democrazia in America Società Aristocratica livello della Società Politica e Civile Società Democratica in Generale Dilemma della Democrazia Democrazia Dispotica Democrazia Repubblicana vecchio regime e Rivoluzione 1856 Karl Marx Natura della Realtà Sociale Teoria della Società moderna Emile Durkheim Divisione del Lavoro Sociale 1893 variabili Morfologiche istituzionali e variabili Relative Alla Solidarietà Suicidio 1897 Società Come Ambito specifico del Reale Componenti della Società Priorità strategica delle norme Normalità del Comportamento Deviante forme Elementari della Vita Religiosa 1912 Genesi delle istituzioni Funzioni delle istituzioni Operare delle Istituzioni
650 ## - SUBJECT ADDED ENTRY--TOPICAL TERM
Topical term or geographic name as entry element SAGGI DI SOCIOLOGIA
650 ## - SUBJECT ADDED ENTRY--TOPICAL TERM
Relator term Codice materia Spics: 3657
942 ## - ADDED ENTRY ELEMENTS (KOHA)
Koha item type LIBRO
957 ## -
-- 1
999 ## - SYSTEM CONTROL NUMBERS (KOHA)
-- 1
Dati di copia
Withdrawn status Lost status Damaged status Not for loan Home library Current library Date acquired Total Checkouts Full call number Date last seen Price effective from Koha item type Public note
    Buone Condizioni Not For Loan SPICS-MEDIATECA SPICS-MEDIATECA 08/03/2013   7556 08/03/2013 08/03/2013 LIBRO Progressivo inserimento: 10143 / N. Volumi: 1 Copie: 1 Copia Rara: SI / data import: 1 marzo 2013 - By Epidotti, Trombetti, Vaglietti.
CREDITS: SOCIETA' SAN PAOLO Via A.Severo, 58 - ROMA (RM) & PERIODICI SAN PAOLO SRL Via Giotto, 36 MILANO & CISF Via Giotto, 36 MILANO & EDIZIONI SAN PAOLO SRL,  Piazza Soncino, 5 CINISELLO BALSAMO (MI) -- ITALY